<?xml version="1.0" encoding="UTF-8"?>
<collection xmlns="http://www.loc.gov/MARC21/slim">
 <record>
  <leader>00717pamaa2200193   4500</leader>
  <controlfield tag="001">0000020243</controlfield>
  <controlfield tag="005">20060816090000.0</controlfield>
  <datafield tag="020" ind1="0" ind2="0">
   <subfield code="a">9831002644 </subfield>
  </datafield>
  <datafield tag="090" ind1="0" ind2="0">
   <subfield code="a">HV6771.A785 </subfield>
   <subfield code="b">FET 2005</subfield>
  </datafield>
  <datafield tag="100" ind1="0" ind2="1">
   <subfield code="a">FETHI BEN JOMMA AHMED </subfield>
  </datafield>
  <datafield tag="245" ind1="0" ind2="4">
   <subfield code="a">The dilemma of corruption in Southeast Asia  </subfield>
   <subfield code="c">Fethi Ben Jomma Ahmed.</subfield>
  </datafield>
  <datafield tag="260" ind1="0" ind2="0">
   <subfield code="a">Kuala Lumpur: </subfield>
   <subfield code="b">Universiti Malaya Press, </subfield>
   <subfield code="c">2005.</subfield>
  </datafield>
  <datafield tag="300" ind1=" " ind2=" ">
   <subfield code="a">xviii, 284 p.; </subfield>
   <subfield code="c">23 cm.</subfield>
  </datafield>
  <datafield tag="440" ind1="0" ind2="0">
   <subfield code="a">Series in socio-economic studies</subfield>
  </datafield>
  <datafield tag="500" ind1="0" ind2="0">
   <subfield code="a">Includes bibliographical references (p. 247-256) and index</subfield>
  </datafield>
  <datafield tag="650" ind1="0" ind2="0">
   <subfield code="a">Corruption -- </subfield>
   <subfield code="z">Asia, Southeastern </subfield>
  </datafield>
  <datafield tag="650" ind1="0" ind2="0">
   <subfield code="a">Political corruption -- </subfield>
   <subfield code="z">Asia, Southeastern </subfield>
  </datafield>
  <datafield tag="650" ind1="0" ind2="0">
   <subfield code="a">Commercial crimes -- </subfield>
   <subfield code="x">Asia, Southeastern </subfield>
  </datafield>
  <datafield tag="901" ind1=" " ind2=" ">
   <subfield code="u">http://www.um.edu.my/umpress</subfield>
  </datafield>
 </record>
</collection>
